| 000 | 00804nam a2200217 a 4500 | ||
|---|---|---|---|
| 001 | 000023245 | ||
| 005 | 20200930022102.0 | ||
| 008 | 101130s2004 mx ab r 000 0 spa d | ||
| 020 | _a9685600058 | ||
| 040 |
_aDO-SdBNP _bspa _cBNPHU |
||
| 082 |
_aNNN _bR789i |
||
| 100 | 1 |
_aRosas, María Cristina, _d1965- _947875 |
|
| 245 | 1 | 0 |
_aIrak : _bEl año que vivimos en el peligro / _cMaría Cristina Rosas ; prólogo de Leonardo Curzio. |
| 260 |
_aMéxico, D. F. : Universidad Nacional Autónoma de México : _bQuimera, _c2004. |
||
| 300 |
_a258 p. : _bil, mapas ; _c21 cm. |
||
| 490 | 1 | _aRelaciones internacionales | |
| 500 | _aIncluye referencias bibliográficas y notas al pie de las páginas. | ||
| 700 | 1 |
_aCurzio, Leonardo _epról. _947876 |
|
| 830 | 0 |
_aRelaciones internacionales _931425 |
|
| 049 | _aBNGR | ||
| 999 |
_c22742 _d22742 |
||